[Event "BI-2012-P-00022"]
[Site "LSS email"]
[Date "2012.04.20"]
[Round "?"]
[White "Durchgasser, Beat"]
[Black "Yarmolyuk, Yury"]
[Result "0-1"]
[WhiteElo "800"]
[BlackElo "2165"]
[PlyCount "24"]
[EventDate "2012.04.22"]
[EventType "tourn (corr)"]
[EventRounds "10"]
[EventCountry "GER"]
[SourceTitle "Corr 2015"]
[Source "ChessBase"]
[SourceDate "2015.07.17"]
[SourceVersion "1"]
[SourceVersionDate "2015.07.17"]
[SourceQuality "1"]

1. e4 e6 2. d3 c5 3. Nd2 Nc6 4. Ngf3 d5 5. g3 g6 6. Bg2 Bg7 7. 0-0 Nge7 8. c3 0-0 9. Re1 Qc7 10. Nf1 d4 11. c4 e5 12. h3 Bd7 0-1

[Event "RN-2012-0-00470"]
[Site "LSS email"]
[Date "2012.04.10"]
[Round "?"]
[White "Venturas, Bob"]
[Black "Durchgasser, Beat"]
[Result "1-0"]
[WhiteElo "729"]
[BlackElo "800"]
[PlyCount "79"]
[EventDate "2012.03.31"]
[EventType "tourn (corr)"]
[EventRounds "6"]
[EventCountry "GER"]
[SourceTitle "Telechess CBM 153"]
[Source "ChessBase"]
[SourceDate "2013.03.14"]
[SourceVersion "1"]
[SourceVersionDate "2013.03.14"]
[SourceQuality "1"]

1. d4 Nf6 2. Nc3 g6 3. Nf3 Bg7 4. Bd2 0-0 5. Qc1 Re8 6. Bh6 Bh8 7. e4 d6 8. Bc4 a6 9. Ng5 e6 10. 0-0 Ng4 11. Nh3 Nxh6 12. Qxh6 Bg7 13. Qe3 Nc6 14. Ne2 d5 15. Bb3 dxe4 16. Qxe4 Nxd4 17. Rad1 Nxe2+ 18. Qxe2 Qe7 19. c3 b5 20. a3 c5 21. Bc2 Bb7 22. f3 Rad8 23. Nf2 Bd5 24. Nd3 Rd7 25. Kh1 Red8 26. Rfe1 Bc4 27. Qe3 h5 28. Nxc5 Rxd1 29. Rxd1 Rxd1+ 30. Bxd1 Qd6 31. Bc2 Be5 32. h3 Bf4 33. Qf2 a5 34. Ne4 Qe5 35. Qc5 Qxc5 36. Nxc5 Bc1 37. b3 Bd5 38. a4 bxa4 39. Nxa4 Bc6 40. Nc5 1-0

[Event "OP-2012-0-02141"]
[Site "LSS email"]
[Date "2012.04.09"]
[Round "?"]
[White "Durchgasser, Beat"]
[Black "Lauer, Fredric"]
[Result "0-1"]
[WhiteElo "800"]
[BlackElo "1039"]
[PlyCount "46"]
[EventDate "2012.04.04"]
[EventType "tourn (corr)"]
[EventRounds "4"]
[EventCountry "GER"]
[SourceTitle "Telechess CBM 153"]
[Source "ChessBase"]
[SourceDate "2013.03.14"]
[SourceVersion "1"]
[SourceVersionDate "2013.03.14"]
[SourceQuality "1"]

1. e4 e6 2. d3 b6 3. g3 Bb7 4. Bg2 f5 5. Nd2 fxe4 6. Nxe4 Nc6 7. Ne2 Nf6 8. Nxf6+ Qxf6 9. 0-0 Bc5 10. c3 0-0-0 11. d4 Bd6 12. f4 h5 13. f5 exf5 14. h4 Qg6 15. Bg5 Rde8 16. Nf4 Bxf4 17. Rxf4 Rhf8 18. b4 Re3 19. b5 Na5 20. Bxb7+ Nxb7 21. Rf3 Rxf3 22. Qxf3 Re8 23. a4 Qe6 0-1